01805 a2200265 45000010006000000050017000060080041000230030015000640400040000790800072001192450030001910200018002212640034002393000019002735200894002920410008011869420007011945900036012011000018012376500031012558560099012866500033013859990015014189520106014334753120260407155742.0260407a1998 arg spa dAR-UNSa-BCEJYS aAR-UNSa-BCEJYSbspacAR-UNSa-BCEJYS a82-3xFicción. Prosa Narrativa. (Novelas...Novelas históricas) 10aSarmiento y sus fantasmas a950-49-0027-8 1aBuenos Aires :bPlanetac1998 a302 p.c21 cm. aFélix Luna propone en estas páginas una original visión de Domingo Faustino Sarmiento en la que se mezclan la ficción con la verdad histórica. En un fascinante juego de la imaginación, Luna enfrenta a su protagonista con diversos personajes clave en su vida y en su obra, y delinea, a partir de esos diálogos, un retrato que va completándose a medida que avanza el texto. La lucha, los ideales, las debilidades y las grandezas, los amores y enconos del gran sanjuanino surgen en la prosa Luna con el tono sincero y a veces brutal que caracterizaba al propio Sarmiento. Félix Luna despliega en esta obra todo su oficio de historiador y sus habilidades literarias para hacer de estos "fantasmas" voces nítidas y reales, y recrea para el lector un Sarmiento tierno y evocativo a veces, tonante y furioso otras, siempre genial, siempre empeñado en combatir la barbarie.  aspa cBK aniveau_biblio:m niveau_hierar:01 aLuna, Félix aDomingo Faustino Sarmiento41uhttps://www.biblioeco.unsa.edu.ar/pmb/images/libros/L127600.jpgyImagen de portadaqimage/jpeg a domingo faustino sarmiento  c4412d4412 00104070aBCEJYSbBCEJYSc16d2026-04-07l0o82-3 L961pL127600r2026-04-07 15:57:42w2026-04-07yL